|
|
|
|
| LEADER |
00000nab a2200000 a 4500 |
| 001 |
vtls000131979 |
| 003 |
SK-MaSNL |
| 005 |
20260304061749.0 |
| 008 |
250422c1982 xo 0 slo |
| 015 |
|
|
|a SNBRB19rr/mm-uuuuu
|
| 035 |
|
|
|a CL0142085
|
| 035 |
|
|
|a urn:nbn:sk:snk-ab3il
|
| 035 |
|
|
|a (urnnbn)urn:nbn:sk:snk:ar-a036c5
|
| 035 |
|
|
|a (uuid)7bd3785f-7d0d-467d-bba6-ca01940997eb
|
| 040 |
|
|
|a SNKBUCL
|b slo
|c SNKBUCL
|e AACR2
|
| 041 |
0 |
|
|a slo
|
| 044 |
|
|
|a xo
|c SK
|
| 080 |
|
|
|a 39
|2 1981
|
| 080 |
|
|
|a 379.8
|2 1981
|
| 100 |
1 |
|
|a Drábiková, Ema,
|d 1925-2002
|4 aut
|9 155387
|
| 245 |
1 |
0 |
|a Záhradkárstvo ako súčasná záujmová forma tradícii poľnohospodárskeho zamestnania ľudu
|c Ema Drábiková
|
| 300 |
|
|
|b Res. rus. a nem.
|
| 650 |
0 |
7 |
|a záhradkárstvo
|2 snkbucl
|9 2728
|
| 655 |
|
7 |
|a články z novín a časopisov
|2 snkbucl
|9 267496
|
| 773 |
0 |
|
|t Slovenský národopis
|g Roč. 30, č. 3 (1982), s. 473-476
|
| 850 |
|
|
|a Slovenská národná knižnica
|
| 852 |
|
|
|a Slovenská národná knižnica
|
| 954 |
|
|
|a odborná, vedecká literatúra pôvodná (slovenská)
|2 lita
|
| 958 |
|
|
|a article27
|
| 958 |
|
|
|a RK
|
| 958 |
|
|
|a OND
|
| 958 |
|
|
|a EUIPO
|
| 992 |
|
|
|a RBX
|
| 999 |
|
|
|c 2734839
|d 2736769
|